000 02085cam a22005534 4500
003 PE-LiUPU
005 20250731173413.0
008 1992 enk b
020 _a1850753636
035 _a(Sirsi) i9781850753636
035 _a(Sirsi) 46677
035 _a(Sirsi) 46677
040 _aPE-LiUPU
_bspa
_cPE-LiUPU
_erda
049 _aPRUA
082 0 4 _a228.066
_bM34
100 1 _aMealy, J. Webb,
_eautor.
245 1 0 _aAfter the thousand year :
_bresurrection and judgment in Revelation 20 /
_cJ. Webb Mealy.
264 1 _aInglaterra :
_bSheffield Academic Press,
_c1992.
300 _a273 páginas ;
_c22 centímetros.
336 _atext
_2rdacontent
337 _aunmediated
_2rdamedia
338 _avolume
_2rdacarrier
490 0 _aJournal for the Study of the new Testament
_v70
504 _aIncluye bibliografía
505 0 _aGeneral characterization of the essay -- Modern approaches to the millennium -- A-temporal and other alternative approaches to the millennium -- Revelation 19.11-21: the parousia of Christ as king and judge -- Revelation 20.1-3: Satan's imprison
526 _aSEG42
526 _aSEG41
526 _aSEG40
526 _aSEG39
526 _aP94
526 _aP87
526 _aP86
526 _aP85
526 _aP77
526 _aP76
526 _aP35
630 _aBiblia
_pN.T.
_pApocalipsis 20
_xComentarios
650 1 4 _aMilenio.
650 1 4 _aResurrección.
_93827
650 1 4 _aJuicio final.
_93248
942 _2ddc
_cBOOK
949 _a228.066 M34
_i64282
_lCCODEBUL1
_mBUL
_tLIBRO
_o.STAFF. Colección General
859 _q64282
_h228.066
_iM34
910 _bjv
_clch
_d20120120
596 _a1
999 _aPGT 228.066 M34
_wDEWEY
_c53073
_i64282
_d53073
_f2021-11-9
_g5
_lCCODEBUL1
_mBUL
_p40.00
_q4
_r0
_sY
_tBOOK
_u2015-7-6
_xTEOLOGIA
_PP85
_0COMPRA
_o.CIRCNOTE. No olvidar cambiar la fecha de devolución!!!!!!!
_o.STAFF. Colección Teología
980 _81
_gALBERTO SANCHEZ Responsable de Automatización